Diccionario de filosofía : K - P
Guardado en:
| Autor principal: | |
|---|---|
| Formato: | Libro |
| Lenguaje: | Undetermined |
| Publicado: |
Barcelona, España
Alianza Editorial
1984
|
| Edición: | 5 |
| Materias: | |
| Etiquetas: |
Agregar Etiqueta
Sin Etiquetas, Sea el primero en etiquetar este registro!
|
MARC
| LEADER | 00000nam a2200000Ia 4500 | ||
|---|---|---|---|
| 008 | 170316s9999 xx 000 0 und d | ||
| 040 | |a cru BVZT | ||
| 090 | |a REF | ||
| 100 | |a Ferrater Mora, José | ||
| 245 | |a Diccionario de filosofía : K - P | ||
| 250 | |a 5 | ||
| 260 | |a Barcelona, España | ||
| 260 | |b Alianza Editorial | ||
| 260 | |c 1984 | ||
| 300 | |a 1835 a 2747 páginas Vol. 3 | ||
| 650 | |a REFERENCIA |9 27 | ||
| 650 | |a DICCIONARIO DE FILOSOFÍA | ||
| 942 | |c REF |2 z | ||
| 999 | |c 15007 |d 15007 | ||
